| 000 | 01135nam a22002537a 4500 | ||
|---|---|---|---|
| 003 | OSt | ||
| 005 | 20250415141351.0 | ||
| 008 | 210201s1998 cu ||||gr|||| 00| 0 spa d | ||
| 020 | _a9590300847 | ||
| 040 |
_aCO-JMCR _cCO-JMCR |
||
| 041 | 1 |
_aspa _heng |
|
| 082 | 0 | 4 |
_aA-N _bHELb _223 |
| 100 | 1 |
_aHeller, André, _eautor _912939 |
|
| 245 |
_aBuzo en la sombra : _b61 episodios en la vida de Ferdinand Alt / _cAndré Heller ; traducción de Olga Sánchez Guevara |
||
| 260 |
_aLa Habana (Cuba) : _bArte y literatura, _c1998. |
||
| 300 |
_a154 páginas ; _b18 cm. |
||
| 500 | _aDatos biográficos del autor en tapa posterior. | ||
| 520 | 0 | _aQuien olvida lo mínimo, indefectiblemente olvida todo. Sostiene el treintañero afinador de pianos Ferdinand Alt, y partiendo de su presente se aleja hacia los años de infancia, para hilvanar un ruego sentimental con su ciudad, Viena, y, más allá una actualizada visión de Austria. | |
| 650 | 2 | 4 |
_aMúsica _xNovela _912940 |
| 650 | 2 | 4 |
_aPoesía _xaustríaca. _912941 |
| 650 | 2 | 4 |
_aSinfonías _xNovela _912942 |
| 700 |
_aSánchez Guevara, Olga, _etraductora _912943 |
||
| 942 |
_2ddc _cBK |
||
| 999 |
_c7082 _d7082 |
||